[Event "Women's Baku Chess Olympiad"]
[Site "chess24.com"]
[Date "2016.09.08"]
[Round "6"]
[White "Velikic, Adela"]
[Black "Haast, Anne"]
[Result "1/2-1/2"]
[Board "2"]
[WhiteID "913553"]
[WhiteElo "2260"]
[WhiteCountry "SRB"]
[WhiteFideId "913553"]
[WhiteEloChange "1"]
[BlackID "1017292"]
[BlackElo "2306"]
[BlackTitle "WGM"]
[BlackCountry "NED"]
[BlackFideId "1017292"]
[BlackEloChange "-1"]

1. e4 {[%clk 1:30:57]} c5 {[%clk 1:30:45]} 2. Nf3 {[%clk 1:31:21]} e6 {[%clk
1:31:04]} 3. d4 {[%clk 1:31:46]} cxd4 {[%clk 1:31:29]} 4. Nxd4 {[%clk 1:32:11]}
a6 {[%clk 1:31:33]} 5. Nc3 {[%clk 1:32:30]} b5 {[%clk 1:31:34]} 6. Bd3 {[%clk
1:32:39]} Qb6 {[%clk 1:31:41]} 7. Nf3 {[%clk 1:32:09]} Qc7 {[%clk 1:31:45]} 8.
O-O {[%clk 1:32:20]} Bb7 {[%clk 1:31:40]} 9. Qe2 {[%clk 1:31:06]} Be7 {[%clk
1:29:10]} 10. Bd2 {[%clk 1:29:52]} Nc6 {[%clk 1:28:05]} 11. Rfe1 {[%clk 1:22:44]}
d6 {[%clk 1:17:17]} 12. a4 {[%clk 1:21:44]} b4 {[%clk 1:15:18]} 13. Na2 {[%clk
1:20:40]} Qb6 {[%clk 1:03:56]} 14. a5 {[%clk 1:15:28]} Qc5 {[%clk 1:00:29]} 15.
c3 {[%clk 1:10:08]} bxc3 {[%clk 0:55:24]} 16. Nxc3 {[%clk 1:08:50]} Nf6 {[%clk
0:53:54]} 17. b4 {[%clk 0:51:09]} Qh5 {[%clk 0:32:51]} 18. b5 {[%clk 0:43:13]}
Nb4 {[%clk 0:30:51]} 19. bxa6 {[%clk 0:29:56]} Bxa6 {[%clk 0:22:56]} 20. Bxa6
{[%clk 0:29:34]} Nxa6 {[%clk 0:23:13]} 21. e5 {[%clk 0:29:44]} Nd7 {[%clk
0:19:45]} 22. Qb5 {[%clk 0:27:33]} Nc5 {[%clk 0:19:19]} 23. exd6 {[%clk 0:24:27]}
Bf6 {[%clk 0:17:41]} 24. Rac1 {[%clk 0:18:51]} Rb8 {[%clk 0:16:49]} 25. Qc4
{[%clk 0:17:06]} O-O {[%clk 0:16:08]} 26. Ne4 {[%clk 0:14:32]} Nb3 {[%clk
0:11:48]} 27. Rb1 {[%clk 0:11:24]} Nxd2 {[%clk 0:10:12]} 28. Nfxd2 {[%clk
0:11:48]} Rxb1 {[%clk 0:04:19]} 29. Rxb1 {[%clk 0:12:17]} Qxa5 {[%clk 0:04:29]}
30. g3 {[%clk 0:10:24]} Qd5 {[%clk 0:01:51]} 31. Rb5 {[%clk 0:05:09]} Qxc4 {[%clk
0:02:05]} 32. Nxc4 {[%clk 0:05:38]} Rd8 {[%clk 0:01:58]} 33. Kf1 {[%clk 0:03:16]}
h6 {[%clk 0:01:20]} 34. Ke2 {[%clk 0:03:38]} Kf8 {[%clk 0:00:56]} 35. f4 {[%clk
0:03:11]} Ke8 {[%clk 0:00:52]} 36. Kd3 {[%clk 0:03:15]} Ra8 {[%clk 0:00:52]} 37.
Rb7 {[%clk 0:02:33]} Bd8 {[%clk 0:01:19]} 38. Ne5 {[%clk 0:01:37]} Nxe5+ {[%clk
0:01:31]} 39. fxe5 {[%clk 0:02:06]} Ra5 {[%clk 0:01:46]} 40. Kc4 {[%clk 0:30:49]}
Rxe5 {[%clk 0:31:33]} 41. Nc3 {[%clk 0:27:07]} h5 {[%clk 0:21:24]} 42. Nb5 {[%clk
0:16:31]} Rd5 {[%clk 0:17:57]} 43. Nc7+ {[%clk 0:13:50]} Bxc7 {[%clk 0:18:17]}
44. dxc7 {[%clk 0:14:17]} Kd7 {[%clk 0:18:41]} 45. c8Q+ {[%clk 0:14:39]} Kxc8
{[%clk 0:19:08]} 46. Rxf7 {[%clk 0:15:01]} Rd7 {[%clk 0:18:46]} 47. Rf8+ {[%clk
0:14:21]} Kc7 {[%clk 0:17:52]} 48. Re8 {[%clk 0:13:21]} Kd6 {[%clk 0:16:18]} 49.
Rh8 {[%clk 0:13:16]} g6 {[%clk 0:10:20]} 50. Rg8 {[%clk 0:13:25]} Ke5 {[%clk
0:10:26]} 51. Rxg6 {[%clk 0:13:18]} Kf5 {[%clk 0:07:40]} 52. Rh6 {[%clk 0:13:29]}
Ke5 {[%clk 0:07:40]} 1/2-1/2

[Event "Women's Baku Chess Olympiad"]
[Site "chess24.com"]
[Date "2016.09.08"]
[Round "6"]
[White "Fuchs, Judith"]
[Black "Deur Saric, Zrinka"]
[Result "1/2-1/2"]
[Board "4"]
[WhiteID "24605611"]
[WhiteElo "2287"]
[WhiteTitle "WIM"]
[WhiteCountry "GER"]
[WhiteFideId "24605611"]
[WhiteEloChange "-3"]
[BlackID "14512670"]
[BlackElo "2185"]
[BlackTitle "WFM"]
[BlackCountry "CRO"]
[BlackFideId "14512670"]
[BlackEloChange "3"]

1. e4 {[%clk 1:30:57]} c5 {[%clk 1:30:55]} 2. Nc3 {[%clk 1:31:21]} d6 {[%clk
1:30:54]} 3. f4 {[%clk 1:31:34]} Nc6 {[%clk 1:30:22]} 4. Nf3 {[%clk 1:31:13]} e6
{[%clk 1:21:09]} 5. Bb5 {[%clk 1:18:32]} Ne7 {[%clk 1:13:07]} 6. O-O {[%clk
1:16:43]} a6 {[%clk 1:11:35]} 7. Be2 {[%clk 1:16:33]} Nd4 {[%clk 1:00:08]} 8.
Nxd4 {[%clk 1:08:22]} cxd4 {[%clk 1:00:22]} 9. Nb1 {[%clk 1:08:44]} Bd7 {[%clk
0:58:32]} 10. c3 {[%clk 1:03:58]} Qb6 {[%clk 0:53:34]} 11. Kh1 {[%clk 1:03:29]}
Nc6 {[%clk 0:50:45]} 12. d3 {[%clk 0:49:19]} Be7 {[%clk 0:47:30]} 13. Nd2 {[%clk
0:48:33]} O-O {[%clk 0:40:40]} 14. Nf3 {[%clk 0:47:44]} Bf6 {[%clk 0:38:08]} 15.
c4 {[%clk 0:46:03]} g6 {[%clk 0:34:41]} 16. b3 {[%clk 0:43:24]} Bg7 {[%clk
0:32:08]} 17. Ba3 {[%clk 0:39:55]} Nb4 {[%clk 0:30:31]} 18. Qd2 {[%clk 0:38:26]}
a5 {[%clk 0:30:53]} 19. Nh4 {[%clk 0:31:20]} Bc6 {[%clk 0:23:54]} 20. Nf3 {[%clk
0:22:51]} Bd7 {[%clk 0:19:44]} 21. Nh4 {[%clk 0:21:21]} Bc6 {[%clk 0:20:04]} 22.
Nf3 {[%clk 0:18:29]} 1/2-1/2

[Event "Women's Baku Chess Olympiad"]
[Site "chess24.com"]
[Date "2016.09.08"]
[Round "6"]
[White "Kouvatsou, Maria"]
[Black "Estrada, Lucia"]
[Result "1-0"]
[Board "4"]
[WhiteID "4203593"]
[WhiteElo "2085"]
[WhiteTitle "WGM"]
[WhiteCountry "GRE"]
[WhiteFideId "4203593"]
[WhiteEloChange "6"]
[BlackID "3301923"]
[BlackElo "1941"]
[BlackTitle "WIM"]
[BlackCountry "BOL"]
[BlackFideId "3301923"]
[BlackEloChange "-6"]

1. e4 {[%clk 1:30:55]} e6 {[%clk 1:30:37]} 2. d4 {[%clk 1:31:20]} d5 {[%clk
1:31:00]} 3. exd5 {[%clk 1:31:37]} exd5 {[%clk 1:31:18]} 4. c4 {[%clk 1:31:24]}
Bb4+ {[%clk 1:30:48]} 5. Nc3 {[%clk 1:25:31]} Ne7 {[%clk 1:29:39]} 6. Bd3 {[%clk
1:21:55]} Nbc6 {[%clk 1:29:37]} 7. Ne2 {[%clk 1:12:02]} Be6 {[%clk 1:16:54]} 8.
cxd5 {[%clk 1:07:12]} Nxd5 {[%clk 1:13:13]} 9. O-O {[%clk 1:07:09]} Nce7 {[%clk
0:39:46]} 10. Qc2 {[%clk 1:00:27]} Qd7 {[%clk 0:28:33]} 11. Ne4 {[%clk 0:55:16]}
h6 {[%clk 0:25:26]} 12. a3 {[%clk 0:54:35]} Bd6 {[%clk 0:25:27]} 13. Bd2 {[%clk
0:49:06]} O-O {[%clk 0:23:31]} 14. Rad1 {[%clk 0:45:02]} c6 {[%clk 0:18:57]} 15.
Nxd6 {[%clk 0:36:52]} Qxd6 {[%clk 0:19:24]} 16. Ng3 {[%clk 0:36:10]} f5 {[%clk
0:14:05]} 17. Rfe1 {[%clk 0:35:37]} Rae8 {[%clk 0:10:14]} 18. Re5 {[%clk
0:34:22]} Qd7 {[%clk 0:08:56]} 19. Rde1 {[%clk 0:31:16]} Ng6 {[%clk 0:05:51]} 20.
R5e2 {[%clk 0:18:22]} Ngf4 {[%clk 0:05:44]} 21. Bxf4 {[%clk 0:13:37]} Nxf4 {[%clk
0:06:12]} 22. Re5 {[%clk 0:13:49]} Qxd4 {[%clk 0:04:28]} 23. Bc4 {[%clk 0:13:50]}
Rf6 {[%clk 0:01:22]} 24. Nxf5 {[%clk 0:12:35]} Qd7 {[%clk 0:01:19]} 25. Qe4
{[%clk 0:11:05]} Bxc4 {[%clk 0:01:14]} 26. Rxe8+ {[%clk 0:10:10]} Kh7 {[%clk
0:01:43]} 27. Ng3+ {[%clk 0:08:20]} Ng6 {[%clk 0:01:30]} 28. Qxc4 {[%clk
0:08:27]} Nf8 {[%clk 0:00:56]} 29. h4 {[%clk 0:08:27]} 1-0

[Event "Women's Baku Chess Olympiad"]
[Site "chess24.com"]
[Date "2016.09.08"]
[Round "6"]
[White "Gong, Qianyun"]
[Black "Ovezdurdiyeva, Jemal"]
[Result "1/2-1/2"]
[Board "2"]
[WhiteID "8602425"]
[WhiteElo "2262"]
[WhiteTitle "WIM"]
[WhiteCountry "SIN"]
[WhiteFideId "8602425"]
[WhiteEloChange "-6"]
[BlackID "14001888"]
[BlackElo "2031"]
[BlackTitle "WFM"]
[BlackCountry "TKM"]
[BlackFideId "14001888"]
[BlackEloChange "6"]

1. e4 {[%clk 1:30:57]} c5 {[%clk 1:30:52]} 2. Nf3 {[%clk 1:31:22]} d6 {[%clk
1:31:18]} 3. d4 {[%clk 1:31:48]} cxd4 {[%clk 1:31:44]} 4. Qxd4 {[%clk 1:32:14]}
Nc6 {[%clk 1:32:09]} 5. Bb5 {[%clk 1:32:40]} a6 {[%clk 1:32:30]} 6. Bxc6+ {[%clk
1:32:30]} bxc6 {[%clk 1:32:54]} 7. e5 {[%clk 1:29:31]} f6 {[%clk 1:33:16]} 8.
exd6 {[%clk 1:27:01]} e5 {[%clk 1:33:33]} 9. Qe4 {[%clk 1:21:56]} Qxd6 {[%clk
1:33:41]} 10. Nc3 {[%clk 1:22:18]} Ne7 {[%clk 1:32:13]} 11. O-O {[%clk 1:21:16]}
Nd5 {[%clk 1:26:11]} 12. Bd2 {[%clk 1:18:03]} Nxc3 {[%clk 1:09:22]} 13. Bxc3
{[%clk 1:18:21]} Be6 {[%clk 1:09:25]} 14. Rad1 {[%clk 1:17:49]} Bd5 {[%clk
1:07:28]} 15. Qa4 {[%clk 1:17:25]} Qc5 {[%clk 0:57:34]} 16. Rfe1 {[%clk 1:08:09]}
Be7 {[%clk 0:50:32]} 17. Nd4 {[%clk 0:53:59]} O-O {[%clk 0:40:50]} 18. Nf5 {[%clk
0:54:21]} Rfb8 {[%clk 0:36:33]} 19. Qg4 {[%clk 0:25:13]} Bf8 {[%clk 0:32:02]} 20.
a3 {[%clk 0:25:17]} a5 {[%clk 0:25:14]} 21. h4 {[%clk 0:17:48]} Kh8 {[%clk
0:22:46]} 22. Ne3 {[%clk 0:17:50]} Rd8 {[%clk 0:20:38]} 23. h5 {[%clk 0:17:46]}
Qe7 {[%clk 0:18:03]} 24. Qa4 {[%clk 0:11:44]} Qc7 {[%clk 0:16:07]} 25. h6 {[%clk
0:10:49]} gxh6 {[%clk 0:11:35]} 26. Qh4 {[%clk 0:10:27]} Qg7 {[%clk 0:09:25]} 27.
Qh2 {[%clk 0:07:32]} Bc5 {[%clk 0:06:42]} 28. Nxd5 {[%clk 0:02:46]} cxd5 {[%clk
0:07:04]} 29. Rxe5 {[%clk 0:02:32]} d4 {[%clk 0:03:37]} 30. Rxc5 {[%clk 0:02:52]}
dxc3 {[%clk 0:04:02]} 31. Rf1 {[%clk 0:02:04]} cxb2 {[%clk 0:04:20]} 32. Rb5
{[%clk 0:01:58]} f5 {[%clk 0:04:26]} 33. Qf4 {[%clk 0:02:05]} Rac8 {[%clk
0:02:18]} 34. Qxf5 {[%clk 0:02:30]} Rg8 {[%clk 0:02:40]} 35. g3 {[%clk 0:01:16]}
h5 {[%clk 0:02:44]} 36. Rb1 {[%clk 0:01:15]} h4 {[%clk 0:02:30]} 37. Rb3 {[%clk
0:00:59]} Rc3 {[%clk 0:02:21]} 38. Rxc3 {[%clk 0:00:55]} Qxc3 {[%clk 0:02:49]}
39. Qd3 {[%clk 0:01:22]} Qe5 {[%clk 0:01:47]} 40. Kg2 {[%clk 0:30:51]} hxg3
{[%clk 0:31:25]} 41. fxg3 {[%clk 0:28:22]} h5 {[%clk 0:30:28]} 42. Rh1 {[%clk
0:19:48]} b1Q {[%clk 0:29:41]} 43. Rxb1 {[%clk 0:20:13]} h4 {[%clk 0:30:06]} 44.
Kh1 {[%clk 0:20:19]} Qf6 {[%clk 0:11:14]} 45. Qd5 {[%clk 0:16:50]} Rg5 {[%clk
0:04:35]} 46. Rb8+ {[%clk 0:16:25]} Kh7 {[%clk 0:04:21]} 47. Qb7+ {[%clk
0:10:53]} Kh6 {[%clk 0:02:55]} 48. Qb6 {[%clk 0:11:15]} Qxb6 {[%clk 0:03:12]} 49.
Rxb6+ {[%clk 0:11:42]} Kh5 {[%clk 0:03:36]} 50. gxh4 {[%clk 0:10:10]} Kxh4 {[%clk
0:04:00]} 51. Rd6 {[%clk 0:08:18]} Kg3 {[%clk 0:02:59]} 52. Kg1 {[%clk 0:08:35]}
Kf3+ {[%clk 0:03:19]} 53. Kf1 {[%clk 0:09:03]} Ke3 {[%clk 0:03:39]} 54. Rd3+
{[%clk 0:09:25]} Ke4 {[%clk 0:04:02]} 55. Ke2 {[%clk 0:09:43]} Rg2+ {[%clk
0:04:10]} 56. Kd1 {[%clk 0:10:12]} Rg1+ {[%clk 0:04:10]} 57. Kd2 {[%clk 0:10:40]}
Ra1 {[%clk 0:04:17]} 58. Rh3 {[%clk 0:10:08]} Kd4 {[%clk 0:03:44]} 59. Rh4+
{[%clk 0:09:36]} Kc5 {[%clk 0:04:11]} 60. a4 {[%clk 0:09:44]} Ra3 {[%clk
0:02:53]} 61. Kc1 {[%clk 0:10:01]} Rg3 {[%clk 0:01:11]} 62. Kb2 {[%clk 0:10:29]}
Rf3 {[%clk 0:01:28]} 63. c3 {[%clk 0:10:18]} Rf8 {[%clk 0:01:35]} 64. Rh7 {[%clk
0:09:11]} Kc4 {[%clk 0:01:00]} 65. Rc7+ {[%clk 0:09:21]} Kd3 {[%clk 0:01:26]} 66.
Rc5 {[%clk 0:09:32]} Rb8+ {[%clk 0:01:38]} 67. Rb5 {[%clk 0:10:01]} Rc8 {[%clk
0:01:19]} 68. Rd5+ {[%clk 0:10:21]} Kc4 {[%clk 0:01:28]} 69. Rxa5 {[%clk
0:10:05]} Rh8 {[%clk 0:01:08]} 70. Ra7 {[%clk 0:09:28]} Rh2+ {[%clk 0:01:12]} 71.
Ka3 {[%clk 0:09:55]} Kxc3 {[%clk 0:01:32]} 72. Rc7+ {[%clk 0:10:21]} Kd4 {[%clk
0:01:50]} 73. a5 {[%clk 0:10:26]} Kd5 {[%clk 0:01:18]} 74. Kb4 {[%clk 0:10:30]}
Rb2+ {[%clk 0:01:33]} 75. Ka4 {[%clk 0:10:59]} Kd6 {[%clk 0:01:49]} 76. Rc1
{[%clk 0:11:25]} Rb8 {[%clk 0:02:05]} 77. a6 {[%clk 0:11:48]} Rb2 {[%clk
0:01:48]} 78. Ka5 {[%clk 0:12:10]} Ra2+ {[%clk 0:02:05]} 79. Kb6 {[%clk 0:12:38]}
Rb2+ {[%clk 0:02:28]} 80. Ka7 {[%clk 0:12:57]} Ra2 {[%clk 0:02:37]} 81. Rb1
{[%clk 0:08:29]} Kc7 {[%clk 0:02:14]} 82. Rb7+ {[%clk 0:08:50]} Kc6 {[%clk
0:02:01]} 83. Rb6+ {[%clk 0:08:23]} Kc7 {[%clk 0:01:47]} 84. Rh6 {[%clk 0:08:50]}
Ra1 {[%clk 0:01:05]} 85. Rh7+ {[%clk 0:09:08]} Kc6 {[%clk 0:01:24]} 86. Rh4
{[%clk 0:09:25]} Kc7 {[%clk 0:01:39]} 87. Rc4+ {[%clk 0:09:50]} Kd6 {[%clk
0:01:56]} 88. Kb7 {[%clk 0:08:53]} Rb1+ {[%clk 0:02:25]} 89. Ka8 {[%clk 0:09:19]}
Ra1 {[%clk 0:02:51]} 90. a7 {[%clk 0:09:40]} Rb1 {[%clk 0:03:13]} 91. Rc8 {[%clk
0:10:06]} Ra1 {[%clk 0:01:50]} 92. Rd8+ {[%clk 0:08:03]} Kc7 {[%clk 0:01:47]} 93.
Rh8 {[%clk 0:08:04]} Re1 {[%clk 0:01:34]} 94. Rh7+ {[%clk 0:08:22]} Kc6 {[%clk
0:01:50]} 95. Rh8 {[%clk 0:07:29]} Kc7 {[%clk 0:01:46]} 96. Rb8 {[%clk 0:07:47]}
Rg1 {[%clk 0:01:12]} 97. Rb7+ {[%clk 0:07:53]} Kc6 {[%clk 0:01:40]} 98. Rb8
{[%clk 0:07:49]} Kc7 {[%clk 0:02:05]} 99. Rb7+ {[%clk 0:07:47]} Kc6 {[%clk
0:02:32]} 100. Rb8 {[%clk 0:08:12]} Kc7 {[%clk 0:02:59]} 101. Rb7+ {[%clk
0:08:19]} Kc6 {[%clk 0:03:28]} 1/2-1/2

[Event "Women's Baku Chess Olympiad"]
[Site "chess24.com"]
[Date "2016.09.08"]
[Round "6"]
[White "Cramling, Pia"]
[Black "Calzetta Ruiz, Monica"]
[Result "1-0"]
[Board "1"]
[WhiteID "1700030"]
[WhiteElo "2444"]
[WhiteTitle "GM"]
[WhiteCountry "SWE"]
[WhiteFideId "1700030"]
[WhiteEloChange "2"]
[BlackID "2204185"]
[BlackElo "2249"]
[BlackTitle "WGM"]
[BlackCountry "ESP"]
[BlackFideId "2204185"]
[BlackEloChange "-5"]

1. d4 {[%clk 1:30:50]} Nf6 {[%clk 1:30:54]} 2. Nf3 {[%clk 1:31:04]} g6 {[%clk
1:31:18]} 3. c4 {[%clk 1:30:32]} Bg7 {[%clk 1:31:41]} 4. Nc3 {[%clk 1:30:41]} O-O
{[%clk 1:31:56]} 5. e4 {[%clk 1:28:56]} d6 {[%clk 1:32:18]} 6. h3 {[%clk
1:23:50]} e5 {[%clk 1:32:20]} 7. d5 {[%clk 1:24:01]} Nh5 {[%clk 1:32:39]} 8. g3
{[%clk 1:24:06]} f5 {[%clk 1:32:29]} 9. exf5 {[%clk 1:23:21]} gxf5 {[%clk
1:32:52]} 10. Ng5 {[%clk 1:21:59]} Qe8 {[%clk 1:33:15]} 11. Be2 {[%clk 1:22:05]}
Nf6 {[%clk 1:33:32]} 12. Be3 {[%clk 1:21:05]} Na6 {[%clk 1:33:27]} 13. Qd2 {[%clk
1:03:25]} h6 {[%clk 1:09:02]} 14. Nf3 {[%clk 1:00:17]} Nc5 {[%clk 1:09:25]} 15.
Nh4 {[%clk 0:57:37]} Nce4 {[%clk 1:08:36]} 16. Nxe4 {[%clk 0:56:11]} Nxe4 {[%clk
1:08:47]} 17. Qc2 {[%clk 0:54:53]} c6 {[%clk 1:04:37]} 18. g4 {[%clk 0:42:15]}
cxd5 {[%clk 1:02:19]} 19. cxd5 {[%clk 0:36:26]} Qd8 {[%clk 0:49:14]} 20. Nxf5
{[%clk 0:32:54]} Qa5+ {[%clk 0:47:31]} 21. Kf1 {[%clk 0:32:01]} Bxf5 {[%clk
0:35:30]} 22. gxf5 {[%clk 0:32:25]} Nf6 {[%clk 0:35:28]} 23. Qb3 {[%clk 0:18:38]}
Kh8 {[%clk 0:30:31]} 24. Rd1 {[%clk 0:18:47]} Rf7 {[%clk 0:23:12]} 25. Rg1 {[%clk
0:18:14]} Raf8 {[%clk 0:18:59]} 26. Rg6 {[%clk 0:18:02]} Ng8 {[%clk 0:18:57]} 27.
Rxd6 {[%clk 0:16:34]} Rxf5 {[%clk 0:19:22]} 28. Qc3 {[%clk 0:12:21]} Qa4 {[%clk
0:12:44]} 29. Qc4 {[%clk 0:12:22]} Qe8 {[%clk 0:12:13]} 30. Bg4 {[%clk 0:08:19]}
R5f7 {[%clk 0:08:50]} 31. Re6 {[%clk 0:06:56]} Qd8 {[%clk 0:09:17]} 32. Bh5
{[%clk 0:06:17]} Rf5 {[%clk 0:06:36]} 33. Qg4 {[%clk 0:05:14]} e4 {[%clk
0:03:24]} 34. Rg6 {[%clk 0:02:35]} Qe7 {[%clk 0:01:05]} 35. d6 {[%clk 0:01:47]}
Qe5 {[%clk 0:01:33]} 36. Rxg7 {[%clk 0:01:42]} Nf6 {[%clk 0:01:14]} 37. Qg6
{[%clk 0:01:19]} Rxh5 {[%clk 0:01:08]} 38. d7 {[%clk 0:01:13]} Rxh3 {[%clk
0:01:04]} 39. Qg2 {[%clk 0:00:45]} Qh5 {[%clk 0:00:51]} 40. d8Q {[%clk 0:30:38]}
Rh1+ {[%clk 0:31:16]} 41. Qxh1 {[%clk 0:30:55]} Qxh1+ {[%clk 0:31:32]} 42. Rg1
{[%clk 0:30:20]} Qh3+ {[%clk 0:30:56]} 43. Ke1 {[%clk 0:30:25]} Rxd8 {[%clk
0:30:45]} 44. Rxd8+ {[%clk 0:30:47]} Kh7 {[%clk 0:31:10]} 45. Bd4 {[%clk
0:20:52]} e3 {[%clk 0:22:49]} 46. Rh8+ {[%clk 0:20:13]} 1-0

[Event "Women's Baku Chess Olympiad"]
[Site "chess24.com"]
[Date "2016.09.08"]
[Round "6"]
[White "Petrenko, Svetlana"]
[Black "Daulyte, Deimante"]
[Result "0-1"]
[Board "2"]
[WhiteID "13900196"]
[WhiteElo "2176"]
[WhiteTitle "IM"]
[WhiteCountry "MDA"]
[WhiteFideId "13900196"]
[WhiteEloChange "-4"]
[BlackID "12802859"]
[BlackElo "2421"]
[BlackTitle "IM"]
[BlackCountry "LTU"]
[BlackFideId "12802859"]
[BlackEloChange "2"]

1. d4 {[%clk 1:30:56]} Nf6 {[%clk 1:30:52]} 2. Nf3 {[%clk 1:31:18]} g6 {[%clk
1:31:11]} 3. g3 {[%clk 1:30:35]} Bg7 {[%clk 1:31:28]} 4. Bg2 {[%clk 1:31:00]} O-O
{[%clk 1:31:45]} 5. O-O {[%clk 1:31:17]} d6 {[%clk 1:32:02]} 6. c4 {[%clk
1:27:20]} Nc6 {[%clk 1:32:13]} 7. Nc3 {[%clk 1:26:40]} e5 {[%clk 1:31:57]} 8. d5
{[%clk 1:21:29]} Nb8 {[%clk 1:32:12]} 9. e4 {[%clk 1:21:11]} a5 {[%clk 1:32:19]}
10. h3 {[%clk 1:19:08]} Na6 {[%clk 1:28:38]} 11. Be3 {[%clk 1:18:13]} Nd7 {[%clk
1:19:35]} 12. g4 {[%clk 1:16:03]} f5 {[%clk 1:13:34]} 13. Ng5 {[%clk 1:09:22]}
Ndc5 {[%clk 1:10:04]} 14. gxf5 {[%clk 0:57:30]} gxf5 {[%clk 1:10:19]} 15. exf5
{[%clk 0:57:48]} Bxf5 {[%clk 1:10:00]} 16. Qh5 {[%clk 0:55:22]} Qe8 {[%clk
1:01:43]} 17. Qxe8 {[%clk 0:54:56]} Raxe8 {[%clk 1:02:05]} 18. Nge4 {[%clk
0:53:55]} Nd3 {[%clk 1:01:07]} 19. b3 {[%clk 0:33:19]} Nf4 {[%clk 1:00:34]} 20.
Kh2 {[%clk 0:33:08]} Nb4 {[%clk 0:57:48]} 21. Bd2 {[%clk 0:25:23]} Nc2 {[%clk
0:50:01]} 22. Rad1 {[%clk 0:20:55]} b6 {[%clk 0:46:18]} 23. f3 {[%clk 0:17:11]}
Nd4 {[%clk 0:39:38]} 24. Be3 {[%clk 0:16:14]} Bd7 {[%clk 0:33:58]} 25. Ng3 {[%clk
0:08:35]} Re7 {[%clk 0:30:57]} 26. Nce4 {[%clk 0:07:36]} h6 {[%clk 0:25:02]} 27.
Bxf4 {[%clk 0:02:25]} exf4 {[%clk 0:24:39]} 28. Nh1 {[%clk 0:02:53]} a4 {[%clk
0:08:18]} 29. b4 {[%clk 0:01:08]} Rxe4 {[%clk 0:04:02]} 30. fxe4 {[%clk 0:01:30]}
f3 {[%clk 0:04:28]} 31. Rxd4 {[%clk 0:00:52]} fxg2 {[%clk 0:04:42]} 32. Rxf8+
{[%clk 0:00:59]} Kxf8 {[%clk 0:05:07]} 33. Rd3 {[%clk 0:00:46]} gxh1Q+ {[%clk
0:05:24]} 34. Kxh1 {[%clk 0:01:14]} Bb2 {[%clk 0:05:04]} 35. Rf3+ {[%clk
0:00:44]} Ke7 {[%clk 0:05:10]} 36. Kg2 {[%clk 0:00:51]} Be8 {[%clk 0:04:24]} 37.
Rf2 {[%clk 0:00:33]} a3 {[%clk 0:04:07]} 38. b5 {[%clk 0:00:51]} Bh5 {[%clk
0:04:08]} 39. Kf1 {[%clk 0:00:42]} Bd1 {[%clk 0:03:43]} 40. Ke1 {[%clk 0:30:39]}
Bb3 {[%clk 0:33:36]} 0-1

[Event "Women's Baku Chess Olympiad"]
[Site "chess24.com"]
[Date "2016.09.08"]
[Round "6"]
[White "Shabanaj, Eglantina"]
[Black "Lujan, Carolina"]
[Result "0-1"]
[Board "1"]
[WhiteID "4700562"]
[WhiteElo "1932"]
[WhiteTitle "WCM"]
[WhiteCountry "ALB"]
[WhiteFideId "4700562"]
[WhiteEloChange "-2"]
[BlackID "109878"]
[BlackElo "2378"]
[BlackTitle "IM"]
[BlackCountry "ARG"]
[BlackFideId "109878"]
[BlackEloChange "2"]

1. Nf3 {[%clk 1:30:59]} c5 {[%clk 1:30:45]} 2. g3 {[%clk 1:31:16]} g6 {[%clk
1:30:17]} 3. Bg2 {[%clk 1:31:32]} Bg7 {[%clk 1:30:39]} 4. d3 {[%clk 1:31:11]} Nc6
{[%clk 1:30:56]} 5. c3 {[%clk 1:31:16]} e5 {[%clk 1:25:43]} 6. e4 {[%clk
1:30:30]} d6 {[%clk 1:25:52]} 7. O-O {[%clk 1:30:03]} Nge7 {[%clk 1:26:15]} 8.
Re1 {[%clk 1:30:03]} O-O {[%clk 1:26:19]} 9. Nbd2 {[%clk 1:30:01]} h6 {[%clk
1:18:38]} 10. Nf1 {[%clk 1:28:08]} b6 {[%clk 1:04:18]} 11. Ne3 {[%clk 1:23:49]}
Be6 {[%clk 0:58:12]} 12. Qa4 {[%clk 1:19:19]} Qd7 {[%clk 0:51:04]} 13. Bd2 {[%clk
1:17:01]} a6 {[%clk 0:47:52]} 14. Rad1 {[%clk 1:11:37]} b5 {[%clk 0:48:09]} 15.
Qc2 {[%clk 1:11:42]} Rac8 {[%clk 0:43:00]} 16. c4 {[%clk 1:05:58]} Nd4 {[%clk
0:34:26]} 17. Qc1 {[%clk 1:04:47]} Bh3 {[%clk 0:31:57]} 18. Nxd4 {[%clk 0:54:53]}
cxd4 {[%clk 0:32:22]} 19. Bxh3 {[%clk 0:55:11]} Qxh3 {[%clk 0:32:42]} 20. Nd5
{[%clk 0:55:16]} Nxd5 {[%clk 0:32:45]} 21. exd5 {[%clk 0:55:35]} f5 {[%clk
0:32:30]} 22. f4 {[%clk 0:53:48]} bxc4 {[%clk 0:26:52]} 23. dxc4 {[%clk 0:53:37]}
e4 {[%clk 0:27:17]} 24. Bb4 {[%clk 0:53:39]} Rfd8 {[%clk 0:27:24]} 25. b3 {[%clk
0:53:39]} h5 {[%clk 0:25:17]} 26. Rd2 {[%clk 0:52:41]} Rd7 {[%clk 0:20:45]} 27.
Rg2 {[%clk 0:49:39]} Qg4 {[%clk 0:17:43]} 28. Qa3 {[%clk 0:46:38]} d3 {[%clk
0:17:24]} 29. Qxa6 {[%clk 0:45:02]} Bd4+ {[%clk 0:17:45]} 30. Kh1 {[%clk
0:45:24]} Rcd8 {[%clk 0:16:57]} 31. Bd2 {[%clk 0:41:38]} Qf3 {[%clk 0:16:33]} 32.
c5 {[%clk 0:39:27]} Bxc5 {[%clk 0:16:54]} 33. Bc3 {[%clk 0:39:01]} Ra7 {[%clk
0:15:42]} 0-1